Qui a chanté cette chanson ? #4 - Statistiques

Statistiques générales
  • Ce quiz a été pris 249 fois
  • Le résultat moyen est 11 sur 15
Statistiques - réponses
Chansons Chanteurs % Correct
Ma Philosophie Amel Bent
92%
En Apesanteur Calogero
92%
Au Soleil Jenifer
84%
Toi + Moi Grégoire
83%
Ma Liberté De Penser Florent Pagny
79%
Moi...Lolita Alizée
77%
Je Serai (Ta meilleure amie) Lorie Pester
75%
Caravane Raphaël
73%
Je Fais De Toi Mon Essentiel Emmanuel Moire
72%
Et Alors Shy'm
67%
Me Gustas Tu Manu Chao
65%
Parce Qu'on Vient De Loin Corneille
58%
Garçon Koxie
56%
J'en Rêve Encore Gérald De Palmas
44%
A La Faveur De l'Automne Tété
44%
Aucun quiz correspondant
Distribution des résultats
% des personnes avec chaque résultat
Percentile par nombre de réponses
Votre historique - résultats
Vous n’avez pas pris ce quiz